00976nab a22002057a 4500003000400000005001700004008004100021040000700062100002600069245012900095260007300224300001600297500008400313505008700397505008900484650002300573650001400596650002600610773013400636OSt20250312062538.0190603e xxum|||| |||| 00| 0 spa d cPJ aLeonardi, Juan Manuel13aLos alimentos provisorios no son un piso ni la resolución que los otorga constituye cosa juzgada /cJuan Manuel Leonardi.  cCiudad Autónoma de Buenos Aires :aThomson Reuters La Ley, b2025. ap. 225-228. aCita Online: TR LALEY AR/DOC/50/2025. Publicado en: RCCyC 2025 (febrero) , 225. aFallo comentado: ST Corrientes ~ 18/09/2024 ~ M. C. E. c. S. P. E. s/ alimentos. t¿Te interesa el texto completo? Solicitalo al correo: koha@justierradelfuego.gov.ar 0aDERECHO DE FAMILIA 0aALIMENTOS 0aALIMENTOS PROVISORIOS0 02713dCiudad Autónoma de Buenos Aires : Thomson Reuters La Ley, 2015-tRevista Código Civil y Comercial. Nº 1 - Febrero 2025